LEADER 01030nam a22002771i 4500 001 991003654109707536 005 20030915110226.0 008 031111s1981 uik|||||||||||||||||eng 020 $a0140150129 035 $ab12456573-39ule_inst 035 $aARCHE-048986$9ExL 040 $aDip.to Lingue$bita$cA.t.i. Arché s.c.r.l. Pandora Sicilia s.r.l. 082 04$a818.3 100 1 $aPoe, Edgar Allan$07382 245 10$aEdgar Allan Poe /$cselected and edited with an introduction and notes by Philip Van Doren Stern 260 $aHarmondsworth :$bPenguin Books,$c1981 300 $aXXXVIII, 666 p. ;$c20 cm 440 4$aThe Viking portable library 600 14$aPoe, Edgar Allan 700 1 $aStern, Philip Van Doren 907 $a.b12456573$b02-04-14$c13-11-03 912 $a991003654109707536 945 $aLE012 818.3 POE 01$g1$i2012000124349$lle012$o-$pE0.00$q-$rl$s- $t0$u3$v0$w3$x0$y.i12885484$z13-11-03 996 $aEdgar Allan Poe$9179175 997 $aUNISALENTO 998 $ale012$b13-11-03$cm$da $e-$feng$guik$h0$i1 LEADER 02513oam 2200733 450 001 9910716883703321 005 20211019122213.0 035 $a(CKB)5470000002525346 035 $a(OCoLC)1268334462 035 $a(EXLCZ)995470000002525346 100 $a20210917d2021 ua 0 101 0 $aeng 135 $aur||||||||||| 181 $ctxt$2rdacontent 182 $cc$2rdamedia 183 $acr$2rdacarrier 200 10$aControlled substances $efederal policies and enforcement : hearing before the Subcommittee on Crime, Terrorism, and Homeland Security of the Committee on the Judiciary, House of Representatives, One Hundred Sixteenth Congress, first session, Thursday, March 11, 2021 210 1$aWashington :$cU.S. Government Publishing Office,$d2021. 215 $a1 online resource (iv, 281 pages) $ccolor illustrations 300 $aErrata corrects Congressional number in subtitle: One Hundred Sixteenth Congress should read One Hundred Seventeenth Congress; and personal name on page ii. 300 $a"Serial no. 117-9." 320 $aIncludes bibliographical references. 517 $aControlled substances 606 $aDrug control$zUnited States 606 $aDrugs of abuse$zUnited States 606 $aDrug addiction$zUnited States 606 $aDrug traffic$zUnited States 606 $aOpioid abuse$zUnited States 606 $aFentanyl$zUnited States 606 $aDrugs$xLaw and legislation$zUnited States 606 $aDrug addiction$2fast 606 $aDrug control$2fast 606 $aDrug traffic$2fast 606 $aDrugs$xLaw and legislation$2fast 606 $aDrugs of abuse$2fast 606 $aFentanyl$2fast 606 $aOpioid abuse$2fast 607 $aUnited States$2fast 608 $aLegislative hearings.$2fast 608 $aLegislative hearings.$2lcgft 615 0$aDrug control 615 0$aDrugs of abuse 615 0$aDrug addiction 615 0$aDrug traffic 615 0$aOpioid abuse 615 0$aFentanyl 615 0$aDrugs$xLaw and legislation 615 7$aDrug addiction. 615 7$aDrug control. 615 7$aDrug traffic. 615 7$aDrugs$xLaw and legislation. 615 7$aDrugs of abuse. 615 7$aFentanyl. 615 7$aOpioid abuse. 801 0$bGPO 801 1$bGPO 801 2$bGPO 801 2$bOCLCO 801 2$bOCLCF 801 2$bGPO 906 $aBOOK 912 $a9910716883703321 996 $aControlled substances$93497983 997 $aUNINA